[Event "SVK-chT1E 1011"]
[Site "Slovakia"]
[Date "2011.02.12"]
[Round "6.2"]
[White "Lyocsa, Stefan"]
[Black "Koval, Maros"]
[Result "1/2-1/2"]
[WhiteElo "2166"]
[BlackElo "2150"]
[PlyCount "49"]
[EventDate "2010.11.06"]
[EventType "team-tourn"]
[EventRounds "11"]
[EventCountry "SVK"]
[SourceTitle "EXT 2012"]
[Source "ChessBase"]
[SourceDate "2011.11.24"]
[SourceVersion "1"]
[SourceVersionDate "2011.11.24"]
[SourceQuality "1"]
[WhiteTeam "Kosice Slavia"]
[BlackTeam "Presov"]
[WhiteTeamCountry "SVK"]
[BlackTeamCountry "SVK"]

1. e4 e5 2. Nf3 Nf6 3. Nc3 Nc6 4. Bb5 Bb4 5. d3 d6 6. 0-0 h6 7. h3 0-0 8. Qe2 Be6 9. Nd1 Bc5 10. c3 a6 11. Bxc6 bxc6 12. Ne3 Bxe3 13. Bxe3 c5 14. b4 cxb4 15. cxb4 Qb8 16. Qd2 Kh7 17. Qc3 Rc8 18. Nd2 Nd7 19. d4 exd4 20. Bxd4 c5 21. bxc5 dxc5 22. Be3 Qb4 23. Rfc1 Qxc3 24. Rxc3 Rab8 25. Nc4 1/2-1/2

[Event "SVK-chT2D 10/11"]
[Site "Slovakia"]
[Date "2011.02.05"]
[Round "6.5"]
[White "Cech, Dominik"]
[Black "Lyocsa, Stefan"]
[Result "0-1"]
[WhiteElo "2113"]
[BlackElo "2166"]
[PlyCount "100"]
[EventDate "2010.10.23"]
[EventType "team-tourn"]
[EventRounds "11"]
[EventCountry "SVK"]
[SourceTitle "EXT 2019"]
[Source "ChessBase"]
[SourceDate "2018.10.10"]
[SourceVersion "1"]
[SourceVersionDate "2018.10.10"]
[SourceQuality "1"]
[WhiteTeam "Michalovce Zemplin II"]
[BlackTeam "Kosice Slavia TU V"]
[WhiteTeamCountry "SVK"]
[BlackTeamCountry "SVK"]

1. e4 c6 2. d4 Na6 3. Nf3 Nc7 4. Bd3 d5 5. exd5 cxd5 6. h3 Nf6 7. 0-0 Ne6 8. c4 g6 9. Nc3 Bg7 10. c5 0-0 11. Be3 Nh5 12. Qd2 Re8 13. g4 Nf6 14. Ne5 Nd7 15. f4 Ndxc5 16. f5 Nxd3 17. Qxd3 Nc5 18. Qb5 Nd7 19. Nxf7 Qc7 20. Kg2 Qc6 21. fxg6 hxg6 22. Qxd5 Nf6 23. Qxc6 bxc6 24. Ne5 Kh7 25. Na4 Be6 26. Nc3 Nd5 27. Bg1 Nxc3 28. bxc3 Bd5+ 29. Kg3 Bxe5+ 30. dxe5 Reb8 31. Rab1 Bxa2 32. Rxb8 Rxb8 33. Bxa7 Rd8 34. Rf3 Be6 35. Bc5 Rd7 36. Kf4 Kg7 37. h4 Kg8 38. Kg5 Kg7 39. Kf4 Kh6 40. Rf2 Bc4 41. Rb2 Kg7 42. Rb8 Kf7 43. Rc8 Bd5 44. h5 gxh5 45. gxh5 Kg7 46. e6 Bxe6 47. Bd4+ Rxd4+ 48. Ke5 Re4+ 49. Kxe4 Bxc8 50. Kd4 Bg4 0-1

[Event "SVK-chT2E 0102"]
[Site "Slovakia"]
[Date "2002.??.??"]
[Round "11"]
[White "Lyocsa, Stefan"]
[Black "Hanuliak, Stanislav"]
[Result "0-1"]
[WhiteElo "2145"]
[BlackElo "2125"]
[PlyCount "74"]
[EventDate "2001.10.??"]
[EventType "team-tourn"]
[EventRounds "11"]
[EventCountry "SVK"]
[SourceTitle "EXT 2006"]
[Source "ChessBase"]
[SourceDate "2005.11.24"]
[SourceVersion "1"]
[SourceVersionDate "2005.11.24"]
[SourceQuality "1"]

1. e4 g6 2. d4 Bg7 3. Nc3 d6 4. Be3 Nf6 5. Be2 c6 6. h4 h5 7. f3 Qa5 8. a4 a6 9. Nh3 Bxh3 10. Rxh3 Nbd7 11. Rh1 c5 12. Qd2 Rc8 13. d5 b5 14. Nd1 b4 15. Kf2 c4 16. Bd4 Nc5 17. Kg1 0-0 18. Nf2 e6 19. dxe6 Nxe6 20. Be3 Rfd8 21. g3 d5 22. Kg2 dxe4 23. Qc1 exf3+ 24. Bxf3 Nd5 25. Bh6 Nd4 26. Bxg7 Kxg7 27. Ne4 Nxf3 28. Kxf3 Nf6 29. Nxf6 Kxf6 30. Qf4+ Kg7 31. Rhd1 Rxd1 32. Rxd1 Qxa4 33. Qe5+ Kg8 34. Qe2 Qc6+ 35. Kf2 Re8 36. Qd2 Qf6+ 37. Kg1 Qf3 0-1

[Event "SVK-chT2E 0102"]
[Site "Slovakia"]
[Date "2001.??.??"]
[Round "3"]
[White "Lyocsa, Stefan"]
[Black "Gregor, Jozef"]
[Result "1/2-1/2"]
[WhiteElo "2145"]
[BlackElo "2076"]
[PlyCount "51"]
[EventDate "2001.10.??"]
[EventType "team-tourn"]
[EventRounds "11"]
[EventCountry "SVK"]
[SourceTitle "EXT 2006"]
[Source "ChessBase"]
[SourceDate "2005.11.24"]
[SourceVersion "1"]
[SourceVersionDate "2005.11.24"]
[SourceQuality "1"]

1. e4 c5 2. c3 Nf6 3. e5 Nd5 4. Nf3 e6 5. d4 cxd4 6. cxd4 d6 7. a3 Nc6 8. Bd3 dxe5 9. dxe5 Be7 10. 0-0 0-0 11. Qe2 f6 12. exf6 gxf6 13. Rd1 Bd6 14. Qc2 Rf7 15. Nc3 Nxc3 16. Qxc3 Qc7 17. Be3 Ne5 18. Nxe5 Qxc3 19. bxc3 Bxe5 20. Bd4 Bxd4 21. cxd4 Bd7 22. Bc4 Re7 23. Re1 Kf8 24. Re3 Rd8 25. Rae1 Bc8 26. d5 1/2-1/2

[Event "Presov op"]
[Site "Presov"]
[Date "1999.??.??"]
[Round "8"]
[White "Frolik, Martin"]
[Black "Lyocsa, Stefan"]
[Result "1-0"]
[WhiteElo "2287"]
[BlackElo "2139"]
[PlyCount "77"]
[EventDate "1999.08.??"]
[EventType "swiss"]
[EventRounds "9"]
[EventCountry "SVK"]
[SourceTitle "EXT 2000"]
[Source "ChessBase"]
[SourceDate "1999.11.16"]
[SourceVersion "1"]
[SourceVersionDate "1999.11.16"]
[SourceQuality "1"]

1. d4 e6 2. c4 Nf6 3. Nc3 Bb4 4. e3 b6 5. Nf3 Bb7 6. Bd3 0-0 7. 0-0 c5 8. Qe2 d6 9. Bd2 Nc6 10. a3 Ba5 11. d5 exd5 12. cxd5 Ne5 13. Nxe5 dxe5 14. e4 a6 15. b4 cxb4 16. Na4 Qd6 17. Rfb1 b5 18. axb4 Bb6 19. Nxb6 Qxb6 20. Be3 Qd8 21. Bc5 Re8 22. Rc1 Qd7 23. Rc3 g6 24. Rac1 Rac8 25. Bb6 Rxc3 26. Rxc3 Rc8 27. Qc2 Ne8 28. Rc5 Nd6 29. Rc7 Rxc7 30. Qxc7 Bc8 31. Qxd7 Bxd7 32. Bc7 Nc4 33. Bxc4 bxc4 34. Bxe5 Kf8 35. f3 Ke7 36. Kf2 f5 37. h4 fxe4 38. fxe4 Ba4 39. Ke3 1-0

[Event "Presov op"]
[Site "Presov"]
[Date "1999.??.??"]
[Round "9"]
[White "Lyocsa, Stefan"]
[Black "Virostko, Petr"]
[Result "1/2-1/2"]
[WhiteElo "2139"]
[BlackElo "2253"]
[PlyCount "49"]
[EventDate "1999.08.??"]
[EventType "swiss"]
[EventRounds "9"]
[EventCountry "SVK"]
[SourceTitle "EXT 2000"]
[Source "ChessBase"]
[SourceDate "1999.11.16"]
[SourceVersion "1"]
[SourceVersionDate "1999.11.16"]
[SourceQuality "1"]

1. e4 e5 2. f4 exf4 3. Nf3 Ne7 4. Bc4 d5 5. exd5 Ng6 6. 0-0 Be7 7. d4 Nd7 8. Bb3 0-0 9. c4 b5 10. d6 Bxd6 11. c5 Be7 12. Nc3 b4 13. Nd5 Nf6 14. Nxf4 Nxf4 15. Bxf4 Bb7 16. Bc4 Nd5 17. Bd2 Bf6 18. a3 Qd7 19. Qb3 a5 20. axb4 axb4 21. Rae1 Rae8 22. h3 Bc6 23. Qd3 Qc8 24. Ng5 Bxg5 25. Bxg5 1/2-1/2

[Event "SVK-ch"]
[Site "Prievidza"]
[Date "1998.07.02"]
[Round "6.49"]
[White "Kalousek, Vladimir"]
[Black "Lyocsa, Stefan"]
[Result "1/2-1/2"]
[WhiteElo "2120"]
[BlackElo "1908"]
[PlyCount "72"]
[EventDate "1998.06.27"]
[EventType "swiss"]
[EventRounds "9"]
[EventCountry "SVK"]
[SourceTitle "EXT 1999"]
[Source "ChessBase"]
[SourceDate "1998.11.16"]
[SourceVersion "1"]
[SourceVersionDate "1998.11.16"]
[SourceQuality "1"]

1. d4 Nf6 2. c4 g6 3. Nc3 d5 4. Nf3 Bg7 5. Qb3 dxc4 6. Qxc4 0-0 7. e4 Nbd7 8. Be2 Nb6 9. Qd3 Bg4 10. Be3 c6 11. 0-0 Qc7 12. Rad1 Rad8 13. Ne5 Bxe2 14. Qxe2 Nfd7 15. f4 e6 16. Kh1 f5 17. Bg1 Nxe5 18. dxe5 Rxd1 19. Rxd1 fxe4 20. Qxe4 Nd5 21. Ne2 b6 22. Rc1 c5 23. a3 Qe7 24. h3 Qh4 25. Rf1 Bh6 26. Bf2 Qd8 27. Bg3 Qd7 28. Rd1 Qe7 29. Kh2 g5 30. fxg5 Qxg5 31. Rd3 Qf5 32. Qxf5 Rxf5 33. Rf3 Kf7 34. Kg1 Rxf3 35. gxf3 Kg6 36. Kf2 Kf5 1/2-1/2

[Event "SVK-ch"]
[Site "Prievidza"]
[Date "1998.07.01"]
[Round "5.48"]
[White "Lyocsa, Stefan"]
[Black "Bugar, Anton"]
[Result "1/2-1/2"]
[WhiteElo "1908"]
[BlackElo "2078"]
[PlyCount "57"]
[EventDate "1998.06.27"]
[EventType "swiss"]
[EventRounds "9"]
[EventCountry "SVK"]
[SourceTitle "EXT 1999"]
[Source "ChessBase"]
[SourceDate "1998.11.16"]
[SourceVersion "1"]
[SourceVersionDate "1998.11.16"]
[SourceQuality "1"]

1. e4 d6 2. d4 Nf6 3. Nc3 g6 4. g3 Bg7 5. Bg2 c6 6. a4 0-0 7. Nge2 Nbd7 8. 0-0 Rb8 9. Bg5 Qa5 10. Qd2 Re8 11. h3 Nf8 12. Bh6 a6 13. Kh2 Qh5 14. Bxg7 Kxg7 15. b3 Qa5 16. f4 Qh5 17. e5 Ng8 18. Rae1 Bf5 19. Nd1 Rbd8 20. Ne3 Bc8 21. g4 Qh4 22. Bf3 dxe5 23. fxe5 Ne6 24. c3 Qg5 25. Nc4 Qh4 26. Ne3 Ng5 27. Ng1 Be6 28. b4 Qh6 29. Ng2 1/2-1/2

[Event "SVK-ch"]
[Site "Prievidza"]
[Date "1998.06.30"]
[Round "4.34"]
[White "Skreno, Vladimir"]
[Black "Lyocsa, Stefan"]
[Result "1-0"]
[WhiteElo "2155"]
[BlackElo "1908"]
[PlyCount "73"]
[EventDate "1998.06.27"]
[EventType "swiss"]
[EventRounds "9"]
[EventCountry "SVK"]
[SourceTitle "EXT 1999"]
[Source "ChessBase"]
[SourceDate "1998.11.16"]
[SourceVersion "1"]
[SourceVersionDate "1998.11.16"]
[SourceQuality "1"]

1. d4 Nf6 2. c4 g6 3. Nc3 d5 4. Nf3 Bg7 5. Bf4 c6 6. e3 0-0 7. Be2 Nbd7 8. 0-0 dxc4 9. Bxc4 Nb6 10. Bb3 Nbd5 11. Be5 Be6 12. Ne2 h6 13. Ng3 Qd7 14. a3 Ne8 15. Bxg7 Nxg7 16. Ne5 Qc8 17. Rc1 Nf6 18. Bc2 Qe8 19. Bb1 Nd7 20. Nd3 Nf5 21. Nf4 Ng7 22. Qd3 Nb6 23. Nxe6 Nxe6 24. Ba2 Qd7 25. Ne4 Nd5 26. Rfd1 Rfd8 27. Qb1 Qe8 28. Ng3 Kf8 29. b4 a6 30. Qb2 Kg8 31. Qe2 Kg7 32. f4 Nec7 33. e4 Nxf4 34. Qg4 Nfe6 35. d5 Nf8 36. Rf1 Qd7 37. Rxf7+ 1-0

[Event "SVK-ch"]
[Site "Prievidza"]
[Date "1998.06.28"]
[Round "2.35"]
[White "Flasik, Radoslav"]
[Black "Lyocsa, Stefan"]
[Result "1/2-1/2"]
[WhiteElo "2180"]
[BlackElo "1908"]
[PlyCount "83"]
[EventDate "1998.06.27"]
[EventType "swiss"]
[EventRounds "9"]
[EventCountry "SVK"]
[SourceTitle "EXT 1999"]
[Source "ChessBase"]
[SourceDate "1998.11.16"]
[SourceVersion "1"]
[SourceVersionDate "1998.11.16"]
[SourceQuality "1"]

1. e4 e6 2. d4 d5 3. Nd2 b6 4. c3 dxe4 5. Nxe4 Bb7 6. Ng3 Nd7 7. Nf3 Ngf6 8. Bd3 Be7 9. 0-0 0-0 10. Qe2 c5 11. Ne5 Rc8 12. Bc2 Nb8 13. Be3 Nc6 14. Rfd1 cxd4 15. Nxc6 Bxc6 16. Bxd4 Qe8 17. Rd2 Bd8 18. Re1 Qe7 19. b3 Re8 20. Bb1 Bc7 21. Nf5 Qf8 22. Nh6+ Kh8 23. Bxf6 gxf6 24. Qh5 Qg7 25. Nxf7+ Kg8 26. Nh6+ Kh8 27. Be4 Bf4 28. Nf7+ Kg8 29. Rd3 Bxe4 30. Rxe4 Bxh2+ 31. Kxh2 Qxf7 32. Rg4+ Kf8 33. Qxf7+ Kxf7 34. Rd7+ Re7 35. Rxe7+ Kxe7 36. Rg7+ Kd6 37. Rxa7 Rxc3 38. Rxh7 Rc2 39. Ra7 Rxf2 40. Kg3 Rc2 41. Kf3 Rc6 42. g4 1/2-1/2